Bangkok serviced apartments (Record no. 113119)

MARC details
000 -LEADER
fixed length control field 00743cad a22001935a 4500
001 - CONTROL NUMBER
control field L154722
008 - FIXED-LENGTH DATA ELEMENTS--GENERAL INFORMATION
fixed length control field 120116s2011 xxk f 000 0 eng d
035 ## - SYSTEM CONTROL NUMBER
System control number (Sirsi) u154722
041 0# - LANGUAGE CODE
Language code of text/sound track or separate title eng
110 2# - MAIN ENTRY--CORPORATE NAME
Corporate name or jurisdiction name as entry element Knight Frank
9 (RLIN) 1530
245 00 - TITLE STATEMENT
Title Bangkok serviced apartments
Remainder of title 1 H 2011
Medium [electronic resource]
260 ## - PUBLICATION, DISTRIBUTION, ETC.
Place of publication, distribution, etc. Bangkok
Name of publisher, distributor, etc. Knight Frank
Date of publication, distribution, etc. 2011
520 ## - SUMMARY, ETC.
Summary, etc. Focuses on the key trends and performance of Bangkok serviced apartment market. Looks at current supply and occupancy levels and provides a outlook on the market.
590 ## - LOCAL NOTE (RLIN)
Local note KA
651 #4 - SUBJECT ADDED ENTRY--GEOGRAPHIC NAME
Geographic name Thailand
690 ## - LOCAL SUBJECT ADDED ENTRY--TOPICAL TERM (OCLC, RLIN)
Topical term or geographic name as entry element Residential property
9 (RLIN) 6266
856 40 - ELECTRONIC LOCATION AND ACCESS
Uniform Resource Identifier <a href="https://knightfrank.com/research/">https://knightfrank.com/research/</a>
Public note View the report free of charge under research at www.knightfrank.com
942 ## - ADDED ENTRY ELEMENTS (KOHA)
Suppress in OPAC 0
Holdings
Withdrawn status Lost status Source of classification or shelving scheme Damaged status Not for loan Home library Current library Shelving location Date acquired Total Checkouts Full call number Barcode Date last seen Copy number Price effective from Koha item type
    Dewey Decimal Classification     Virtual Virtual Online 16/01/2012   ONLINE PUBLICATION 154722-2001 06/08/2019 1 06/08/2019 Book